000 00686nam a22002417a 4500
005 20170124110107.0
010 _aA-705037
020 _c75.00
_a8172012489
035 _aA-705037
037 _bCen Lib/Ret
040 _aDPL
_bEN
082 _aS
_bAMU
100 _aAmur, G.S.
_927680
245 _aSelected Kanada short stories /
_cby G.S.Amur
260 _aNew Delhi
_bSahitya Akademi
_c1993
270 _aRabindra Bhavan,35,Ferozeshah Road
_bNew Delhi
_e110001
300 _axxiv,300p.
_c20cm(Hb)
500 _aIncludes glossary
650 _aShort stories, Canadian
_928433
650 _aManners and customs
_zCanada
_928434
700 _928179
942 _2ddc
_cEN
_hS
_mAMU
999 _c130147
_d130147